Music Quiz

Random Music or Song Quiz

Pitchfork's Best New Tracks (2019) Quiz Stats

 Plays Quiz not verified by Sporcle

Support Sporcle.
Go Orange.
Score 0/52 Timer 10:00
0 Plays Today
Artist Song % Correct
FKA twigscellophane
90.9%
Charli XCX and Christine and the QueensGone
81.8%
Weyes BloodMovies
72.7%
Lana Del ReyThe Greatest
72.7%
ClairoBags
63.6%
FKA twigssad day
63.6%
SolangeAlmeda
54.5%
SolangeBinz
54.5%
Rosalía and J BalvinCon Altura
54.5%
Angel OlsenAll Mirrors
54.5%
NormaniMotivation
54.5%
Big ThiefUFOF
45.5%
Big ThiefCattails
45.5%
Vampire WeekendThis Life
45.5%
Big ThiefNot
45.5%
Danny BrownDirty Laundry
45.5%
GeorgiaAbout Work the Dancefloor
36.4%
Lil Uzi VertFree Uzi
36.4%
Jai PaulHe
36.4%
(Sandy) Alex GGretel
36.4%
Rosalía**** Money Man
36.4%
HaimSummer Girl
36.4%
Angel OlsenLark
36.4%
Nick Cave & the Bad SeedsGhosteen
36.4%
Jamila WoodsZORA
27.3%
Flume [ft. JPEGMAFIA]How to Build a Relationship
27.3%
Artist Song % Correct
BeyoncéBefore I Let Go
27.3%
Jai PaulDo You Love Her Now
27.3%
Cate Le BonDaylight Matters
18.2%
Sleater-KinneyHurry on Home
18.2%
Róisín MurphyIncapable
18.2%
Mark Ronson [ft. Angel Olsen]True Blue
18.2%
Jenny HvalAshes to Ashes
18.2%
Rico NastyTime Flies
18.2%
Neon IndianToyota Man
18.2%
Moses SumneyPolly
18.2%
PowderNew Tribe
9.1%
Octo OctaI Need You
9.1%
Helado NegroRunning
9.1%
2 ChainzNCAA
9.1%
Four TetOnly Human
9.1%
Holly HerndonEternal
9.1%
Damon Locks and the Black Monument EnsembleThe Colors That You Bring
9.1%
Mannequin PussyDrunk II
9.1%
Bruce SpringsteenHello Sunshine
9.1%
EmpathRoses That Cry
9.1%
Kasper MarottDrømmen om Ø (Forever Mix '19)
9.1%
Floating PointsLesAlpx
9.1%
Mount Eerie and Julie DoironLove Without Possession
9.1%
Blood IncantationInner Paths (to Outer Space)
9.1%
DoglegFox
9.1%
Joy OvermonoBromley
9.1%

You're not logged in!

Compare scores with friends on all Sporcle quizzes.
OR
Log In

From the Vault

Famous Russian People by Picture

by wiggytitch

In Soviet Russia, the quiz takes...well you get the idea.
Remove Ads.
Support Sporcle.
Get the best of Sporcle when you Go Orange. This ad-free experience offers more features, more stats, and more fun while also helping to support Sporcle. Thank you for becoming a member.

Show Comments

Extras

Top Quizzes Today


Score Distribution

Your Account Isn't Verified!

In order to create a playlist on Sporcle, you need to verify the email address you used during registration. Go to your Sporcle Settings to finish the process.

Report this User

Report this user for behavior that violates our Community Guidelines.

Details: